[Event "LSS ZN-2008-0-00391"]
[Site "LSS email"]
[Date "2008.02.05"]
[Round "?"]
[White "Adams, Mark"]
[Black "Barna, Annett"]
[Result "1-0"]
[WhiteElo "816"]
[BlackElo "800"]
[PlyCount "61"]
[EventDate "2008.02.04"]
[EventType "match (corr)"]
[EventRounds "2"]
[EventCountry "GER"]
[SourceTitle "Corr 2011"]
[Source "ChessBase"]
[SourceDate "2010.08.31"]
[SourceVersion "1"]
[SourceVersionDate "2010.08.31"]
[SourceQuality "1"]

1. e4 e5 2. Nf3 Nc6 3. Bb5 Nf6 4. Nc3 Bd6 5. 0-0 0-0 6. d4 exd4 7. Nxd4 Nxd4 8. Qxd4 Qe7 9. Bg5 Be5 10. Qb4 Qxb4 11. Bxf6 Bxf6 12. Rab1 d6 13. a3 Qd4 14. Rbd1 Qe5 15. Rfe1 Bg4 16. f3 Bh5 17. Rd5 Qe7 18. Rxh5 g6 19. Rh3 Qe6 20. Ba4 Bd4+ 21. Kh1 Bf2 22. Re2 Bd4 23. Bb3 Qd7 24. Nd5 Rfe8 25. Re3 Bxe3 26. Nf6+ Kf8 27. Nxd7+ Ke7 28. Ba4 Red8 29. Rxh7 Rh8 30. Rxh8 Rxh8 31. e5 1-0